000 00820cab a2200241 4500
001 WB3105-09
008 090401t1995 xxu||||| |||| 00| 0 eng d
035 _a(Sirsi) u19227
041 _aeng
245 _aMinisters set up green roads unit
260 _c1995
350 _a0
490 _aGuardian
_v30 January 1995, 8
490 _aHighways Agency Press Notice
_v(HA 112/94) 30 January 1995 (3)
520 _aThe Highways Agency has established a unit to oversee the environmental aspects of government-funded motorway and trunk roadbuilding and maintenance.
650 _aENVIRONMENTAL ISSUES
650 _aHIGHWAYS AGENCY ENVIRONMENTAL UNIT
650 _aROADS PROGRAMME
690 _aENVIRONMENTAL AND LAND CONSULTANCY
690 _aTRANSPORT AND COMMUNICATIONS
942 _n0
948 _c04/03/1997
999 _c12815
_d12815